MARC details
| 000 -CABECERA |
| campo de control de longitud fija |
00919nam a2200229 a 4500 |
| 001 - NÚMERO DE CONTROL |
| campo de control |
000006790 |
| 005 - FECHA Y HORA DE LA ÚLTIMA TRANSACCIÓN |
| campo de control |
20240411073959.0 |
| 008 - DATOS DE LONGITUD FIJA--INFORMACIÓN GENERAL |
| campo de control de longitud fija |
090902s1995 dr a 000 0 spa d |
| 040 ## - FUENTE DE LA CATALOGACIÓN |
| Centro catalogador/agencia de origen |
DO-SdBNP |
| 082 ## - NÚMERO DE LA CLASIFICACIÓN DECIMAL DEWEY |
| Número de clasificación |
398.2097293 |
| Número de documento/Ítem |
O96o |
| 049 ## - FONDOS LOCALES (OCLC) |
| Fondos de biblioteca |
BNPHU |
| 100 1# - ENTRADA PRINCIPAL--NOMBRE DE PERSONA |
| Nombre de persona |
Oviedo Canó, Tomás Alberto, |
| Fechas asociadas al nombre |
1921- |
| 9 (RLIN) |
18868 |
| 245 10 - MENCIÓN DE TÍTULO |
| Título |
Ocurrencias del maestro Camilo y otras leyendas y tradiciones azuanas / |
| Mención de responsabilidad, etc. |
Tomás Alberto Oviedo Canó ; prólogo Manuel Mora Serrano. |
| 260 ## - PUBLICACIÓN, DISTRIBUCIÓN, ETC. |
| Lugar de publicación, distribución, etc. |
Santo Domingo, : |
| Nombre del editor, distribuidor, etc. |
Búho, |
| Fecha de publicación, distribución, etc. |
1995. |
| 300 ## - DESCRIPCIÓN FÍSICA |
| Extensión |
98 p. : |
| Otras características físicas |
il. ; |
| Dimensiones |
22 cm. |
| 500 ## - NOTA GENERAL |
| Nota general |
Incluye datos biográficos del autor en la solapa y en la solapa de la contracubierta |
| 504 ## - NOTA DE BIBLIOGRAFÍA, ETC. |
| Nota de bibliografía, etc. |
Incluye referencias bibliográficas y notas al pie de las páginas |
| 650 #4 - PUNTO DE ACCESO ADICIONAL DE MATERIA--TÉRMINO DE MATERIA |
| Término de materia o nombre geográfico como elemento de entrada |
Leyendas dominicanas |
| 9 (RLIN) |
18869 |
| 650 #0 - PUNTO DE ACCESO ADICIONAL DE MATERIA--TÉRMINO DE MATERIA |
| Término de materia o nombre geográfico como elemento de entrada |
Cuentos dominicanos |
| 9 (RLIN) |
176 |
| 650 #4 - PUNTO DE ACCESO ADICIONAL DE MATERIA--TÉRMINO DE MATERIA |
| Término de materia o nombre geográfico como elemento de entrada |
Literatura folklorica dominicana |
| 9 (RLIN) |
18870 |
| 700 1# - PUNTO DE ACCESO ADICIONAL--NOMBRE DE PERSONA |
| Nombre de persona |
Mora Serrano, Manuel, |
| Títulos y otros términos asociados al nombre |
1933- |
| Término indicativo de función/relación |
pról. |
| 9 (RLIN) |
5162 |